| 000 -LEADER |
| fixed length control field |
00633nam a2200217Ia 4500 |
| 001 - CONTROL NUMBER |
| control field |
7871 |
| 003 - CONTROL NUMBER IDENTIFIER |
| control field |
GE_BSU |
| 005 - DATE AND TIME OF LATEST TRANSACTION |
| control field |
20220927154945.0 |
| 008 - FIXED-LENGTH DATA ELEMENTS--GENERAL INFORMATION |
| fixed length control field |
181216s2003fr xx |||||||||||||| ||fre|| |
| 020 ## - INTERNATIONAL STANDARD BOOK NUMBER |
| International Standard Book Number |
9788723903877 |
| 040 ## - CATALOGING SOURCE |
| Transcribing agency |
GE_BSU |
| 041 ## - LANGUAGE CODE |
| Language code of text/sound track or separate title |
fre |
| 080 ## - UNIVERSAL DECIMAL CLASSIFICATION NUMBER |
| Universal Decimal Classification number |
821.133.1-311 D-89 |
| 100 ## - MAIN ENTRY--PERSONAL NAME |
| Personal name |
Dumas, Alexandre |
| 9 (RLIN) |
14862 |
| 245 ## - TITLE STATEMENT |
| Title |
Les Trois Mousquetaires : Les Ferrets de la Reine / |
| Statement of responsibility, etc. |
Alexandre Dumas, Red. Christiane Stefanopoli |
| 264 ## - PRODUCTION, PUBLICATION, DISTRIBUTION, MANUFACTURE, AND COPYRIGHT NOTICE |
| Place of production, publication, distribution, manufacture |
France : |
| Name of producer, publisher, distributor, manufacturer |
Easy Readers, |
| Date of production, publication, distribution, manufacture, or copyright notice |
2003. |
| 300 ## - PHYSICAL DESCRIPTION |
| Extent |
92 p. |
| Dimensions |
19 cm. |
| 653 ## - INDEX TERM--UNCONTROLLED |
| keyword |
Les Trois Mousquetaires |
| 653 ## - INDEX TERM--UNCONTROLLED |
| keyword |
Სამი მუშკეტერი |
| 942 ## - ADDED ENTRY ELEMENTS (KOHA) |
| Koha item type |
წიგნი |
| Source of classification or shelving scheme |
|